[Event "RUS-ch Women Blitz 2019"]
[Site "Sochi"]
[Date "2019.10.17"]
[Round "1.7"]
[White "Garifullina, Leya"]
[Black "Mamontova, Anastasia"]
[Result "1/2-1/2"]
[WhiteElo "2330"]
[BlackElo "2002"]
[Annotator "TA"]
[PlyCount "170"]
[EventDate "2019.10.17"]
[EventType "swiss"]
[EventCountry "RUS"]
[SourceTitle "playchess.com"]
[Source "ChessBase"]
[SourceQuality "1"]

{[%evp 9,170,23,79,51,58,69,55,34,68,6,18,18,22,46,92,85,138,131,129,62,289,274,251,273,280,258,310,173,152,166,167,107,100,95,111,109,114,90,100,57,62,58,218,231,379,116,114,14,46,-64,35,-35,6,6,52,0,33,24,82,45,187,122,258,119,129,126,103,0,0,-48,-53,-65,-68,-79,-72,-68,0,-8,0,0,0,0,0,0,0,-8,41,0,0,0,58,0,0,0,16,16,16,16,18,17,17,17,20,20,20,-933,-925,-29975,-29976,-29976,-29977,-29977,-29976,-29978,-29978,-29972,-1266,-29976,-29977,-29977,-29979,-29980,-29981,-29993,-29993,-29994,-29971,-29982,-29979,-29978,-29979,-29977,-29971,-29984,-29979,-29979,-29980,-29973,-29968,-5479,-6422,-6264,-5825,-5479,-5479,-5091,-5069,-1897,-8,-8,0,-8,-8,-29982,-8,-8,-8,-8,-8,-8,-8,-8,-8]} 1. e4 c6 2. d4 d5 3. e5 Bf5 4. h4 Qb6 5. Ne2 (5. a4 h5 6. a5 Qc7 7. Bd3 Bxd3 8. Qxd3 e6 9. Nf3 Ne7 10. b4 Nf5 11. c3 Nd7 12. Bf4 Rc8 {½-½ (54) Inarkiev,E (2679)-Braun,A (2581) Biograd 2018}) 5... Na6 (5... h5 $11) 6. Ng3 {B12: Caro-Kann: Advance Variation} Bd7 $1 7. a4 $146 ({Predecessor:} 7. c4 dxc4 8. Bxc4 e6 9. Nc3 Ne7 10. O-O Nd5 11. Nge4 Be7 12. Bg5 Qxb2 {1-0 (31) Kolosowski,M (2431)-Rudolf,M (2384) Poronin 2012}) 7... e6 8. a5 {White is slightly better.} Qc7 9. c3 (9. Nc3 $14) 9... c5 $11 10. Be3 Ne7 11. Na3 Nc6 12. Nb5 $36 {[%mdl 2048] White is in control.} Qd8 (12... Qb8 $142) 13. dxc5 Nxe5 14. Bf4 (14. Nh5 $16) 14... f6 $2 (14... Qb8 $1 $14) 15. Bxe5 $1 $18 fxe5 16. Qh5+ {[%mdl 64] Double Attack} g6 17. Qxe5 Rg8 18. Nd6+ (18. Rd1 $142) 18... Bxd6 19. cxd6 Nb8 20. h5 (20. Qe3 $18) 20... Nc6 $16 21. Qe3 {And now hxg6 would win.} Qf6 22. hxg6 hxg6 23. a6 b6 24. Bb5 {Black must now prevent Rh7.} Ne5 25. Bxd7+ Nxd7 $2 (25... Kxd7 $14 26. O-O-O Raf8) 26. Rh7 $18 Rg7 (26... O-O-O $142 27. Qd4 Qg5) 27. Rh8+ $2 (27. Rxg7 $18 {Re7+ is the strong threat.} Qxg7 28. Qxe6+ {[%mdl 64] Double Attack} Kf8 29. Qxd5 Qe5+ 30. Qxe5 Nxe5 31. Ne4) 27... Nf8 $16 28. Kd2 ({Better is} 28. Rh6 $16 {Hoping for Nh5!} Rf7 29. Ne2) 28... O-O-O (28... Rf7 $5 {[%cal Rf6h8]} 29. Rah1 Qxf2+ 30. Qxf2 Rxf2+ 31. Ne2 Rd8 $11) 29. Kc2 (29. Qf3 $14 Qxf3 30. gxf3) 29... Rxd6 (29... Rf7 $15 30. Rh3 Qxf2+ {[%mdl 64] Double Attack} 31. Ne2 Rxd6) 30. Qd3 (30. Rah1 $14) 30... Rd8 31. f3 Qe7 (31... e5 {is more complex.} 32. Rah1 Rgd7 33. Rg8 Qf7 34. Rhh8 Kc7) 32. Qb5 (32. Re1 $14) 32... Qd7 (32... Qg5 {with more complications.} 33. Rxf8 Rxf8 34. Qc6+ Rc7 35. Qa8+ Kd7) 33. Qxd7+ Rgxd7 (33... Nxd7 $11 {keeps the balance.} 34. Rh6 e5) 34. Ne2 Rc7 (34... e5 $1 $14) 35. f4 (35. Nd4 $18) 35... Rc4 (35... Rf7 $16) 36. Kd3 (36. Nd4 $18 {is more deadly.}) 36... Nd7 37. Rxd8+ $1 Kxd8 {[%mdl 4096] Endgame KRN-KRN} 38. b3 (38. b4 $16) 38... Nc5+ $1 $11 39. Kc2 (39. Ke3 $5 {[%cal Rb3c4]} Nxb3 40. Rh1 $15) 39... Re4 40. Re1 Nxa6 41. b4 Nc7 42. Kd3 {[#]} Rc4 (42... g5 $1 $15 {[%mdl 512]} 43. fxg5 Re5) 43. Rh1 Ne8 44. Rh6 Ke7 45. Rxg6 Kf7 46. Rh6 Nf6 47. Rh4 Kg7 48. g4 Ne4 49. Rh2 Nd6 (49... a5 $11) 50. g5 ({White should play} 50. Nd4 $14) 50... Nf5 51. Rh1 Re4 52. Ra1 Re3+ 53. Kd2 a5 $1 54. bxa5 bxa5 55. Rxa5 Rf3 56. Ra7+ Kg6 57. Re7 $2 {[%mdl 8192]} (57. Rc7 $11) 57... Nxe7 $19 58. Ke1 Nf5 59. Kd2 Rf2 60. Ke1 Rh2 61. Kf1 Ne3+ 62. Ke1 Nc4 (62... Kf5 $142 63. Nd4+ Kxf4 64. Nxe6+ Ke5 65. Nc5 Rc2 66. Nd3+ Ke4 $1 {[%mdl 512]} 67. Nb4 Rg2 68. Nc6 Rxg5 69. Nd4 Rg2 70. Ne2 Rh2 71. Kd2 Rf2 $1 {[%mdl 512]} 72. c4 d4 73. c5 d3 {[%mdl 64] Pin} 74. Kc3 dxe2 75. Kb4 e1=Q+ 76. Kb5 Qb1+ 77. Kc6 Rf7 78. Kd6 Qd3+ 79. Ke6 Qd7#) 63. Kf1 Kf5 64. Ke1 Nb2 65. Kf1 Nd3 66. Nd4+ Kxf4 67. g6 Rh1+ 68. Kg2 Rh8 69. g7 Rg8 70. Kf1 Ke5 71. Nc6+ {[#]} Kd6 $1 72. Nd4 Rxg7 73. Ke2 Nf4+ 74. Kf3 e5 75. Nf5+ {[#]} Kc5 $1 76. Nxg7 {KN-KN} Kc4 77. Nf5 Kxc3 78. Ne7 Kd4 $2 (78... d4 $19 79. Nf5 d3) 79. Nc6+ $11 Kc3 80. Nxe5 Ne6 81. Nc6 $2 {[%mdl 8192]} (81. Ke2 $11) 81... Kc4 $2 (81... Nd4+ {mates} 82. Nxd4 Kxd4 83. Kf2 Kd3 84. Kf3 d4 85. Kf2 Kc2 86. Kg3 d3 87. Kg4 d2 88. Kf4 d1=Q 89. Ke5 Qd7 90. Ke4 Kd2 91. Kf4 Qd6+ 92. Kg5 Ke3 93. Kf5 Kf3 94. Kg5 Qe6 95. Kh5 Kf4 96. Kh4 Qh6#) 82. Ne5+ {The position is equal.} Kc5 83. Ke2 Nd4+ 84. Kd3 Nc6 85. Nd7+ Kd6 {Accuracy: White = 31%, Black = 29%.} 1/2-1/2

[Event "RUS-ch Women Blitz 2019"]
[Site "Sochi"]
[Date "2019.10.17"]
[Round "1.8"]
[White "Golovina, Darya"]
[Black "Bivol, Alina"]
[Result "0-1"]
[WhiteElo "2050"]
[BlackElo "2371"]
[Annotator "TA"]
[PlyCount "34"]
[EventDate "2019.10.17"]
[EventType "swiss"]
[EventCountry "RUS"]
[SourceTitle "playchess.com"]
[Source "ChessBase"]
[SourceQuality "1"]

{[%evp 9,106,9,19,-1,4,4,2,-68,-53,-129,-13,-22,-37,-79,-84,-80,-80,-448,-456,-451,-454,-500,-515,-893,-572,-548,-436,-431,-431,-425,-407,-602,-540,-527,-536,-552,-500,-493,-473,-522,-478,-572,-572,-754,-714,-749,-750,-751,-750,-737,-736,-800,-781,-774,-678,-854,-844,-826,-821,-952,-962,-1093,-1097,-1032,-1024,-1531,-1217,-1350,-1072,-1002,-877,-868,-869,-859,-832,-29989,-29966,-29965,-29966,-29966,-29967,-29964,-29960,-29970,-29971,-29977,-29978,-29976,-5566,-29980,-29981,-29981,-29981,-29979,-29979,-29990,-29980,-29980,-29970]} 1. e4 e6 2. d4 d5 3. exd5 exd5 4. Bd3 c5 5. c3 Nf6 (5... Nc6 6. Nf3 Nf6 7. O-O Be7 8. dxc5 Bxc5 9. Re1+ Be6 10. Nbd2 O-O 11. Nb3 Bb6 12. Nfd4 Bg4 13. Qc2 Rc8 14. Nxc6 bxc6 {1-0 (69) Khismatullin,D (2628)-Dubov,D (2666) Sochi 2017}) 6. h3 {C01: French: Exchange Variation} Bd6 7. dxc5 $146 ({Predecessor:} 7. Qe2+ Be6 8. Nf3 O-O 9. O-O Re8 10. Be3 c4 11. Bc2 Nc6 12. Nbd2 Qd7 13. Ng5 {0-1 (42) Mihalincic,T (2281)-Muha,M (2276) Croatia 2016}) 7... Bxc5 8. Qf3 ({White should play} 8. Nf3 $11) 8... Nc6 9. Bg5 ({White should try} 9. Qe2+ $15 Be6 10. Nf3) 9... Be7 (9... Ne5 $17 10. Qg3 Nxd3+ 11. Qxd3 Qb6 12. Qe2+ Kd8 13. Bxf6+ gxf6) 10. Bf4 Qb6 11. Qe2 {[#]} O-O $1 $36 {[%mdl 2048] Black has strong initiative.} 12. Nf3 {[#]} Re8 $1 {Hoping for ...Bc5.} 13. Be3 $2 {[%mdl 8192]} (13. O-O $17) 13... Bc5 $19 {[%cal Rc5e3]} 14. O-O {intending Bxc5.} Bxe3 15. fxe3 Rxe3 16. Bxh7+ (16. Qf2 $142 Rxd3 17. Qxb6 axb6 18. Na3) 16... Nxh7 17. Qf2 Bxh3 {Played: Re3-e2} 0-1

[Event "RUS-ch Women Blitz 2019"]
[Site "Sochi"]
[Date "2019.10.17"]
[Round "1.9"]
[White "Sukhareva, Evgeniya"]
[Black "Kochukova, Anna"]
[Result "1-0"]
[WhiteElo "2122"]
[BlackElo "2143"]
[Annotator "TA"]
[PlyCount "99"]
[EventDate "2019.10.17"]
[EventType "swiss"]
[EventCountry "RUS"]
[SourceTitle "playchess.com"]
[Source "ChessBase"]
[SourceQuality "1"]

{[%evp 20,99,48,39,52,50,72,60,95,94,98,95,347,84,78,77,87,97,243,106,212,66,112,1,6,-36,-30,-41,-36,-36,-8,-7,-6,-51,-63,-72,-62,-100,-27,-31,0,-28,-8,-75,0,-48,-71,-104,-22,-65,-70,-69,-31,-132,-9,-77,0,-102,0,-70,-43,-74,-107,-104,-102,-83,-3,-15,0,0,0,0,0,-16,0,0,0,-17,247,247,225,218]} 1. d4 Nf6 2. c4 e6 3. Nc3 Bb4 4. Qc2 d5 5. cxd5 exd5 6. Nf3 O-O 7. Bg5 Re8 8. e3 c6 9. Bd3 h6 10. Bh4 Nbd7 11. O-O Nf8 {D38: Queen's Gambit Declined: Ragozin Defence (4 Nf3 Bb4)} (11... Be7 12. Nd2 Nh5 13. Bxe7 Qxe7 14. Rab1 a5 15. a3 Nhf6 16. b4 axb4 17. axb4 b5 18. e4 dxe4 19. Ncxe4 Nxe4 20. Bxe4 {1-0 (74) Karjakin,S (2774)-Mamedyarov,S (2746) Almaty 2016}) 12. h3 Be6 $146 ({Predecessor:} 12... Qd6 13. Bg3 Qe7 14. Nd2 Bd6 15. Bxd6 Qxd6 16. Nf3 Ne6 17. Rac1 Bd7 18. Rfd1 Rad8 19. a3 {1-0 (34) Taylor,K-Bishop,J ICCF email 2015}) 13. Ne5 N8d7 {White is slightly better.} 14. f4 {Strongly threatening f5.} Nf8 15. Rad1 c5 $2 {[%mdl 8192]} (15... Be7 $16 {was called for.}) 16. a3 $2 (16. f5 $18 {and the rest is easy.} Bc8 17. Nxf7 $1 {[%mdl 512]}) 16... Bxc3 $16 17. bxc3 c4 18. Be2 Rc8 (18... Qd6 $16) 19. Rb1 (19. f5 $18 {is the precise move to win.} Bd7 20. Bh5 $1 {[%mdl 576] Pin}) 19... b6 (19... Rc7 $16) 20. Bd1 (20. f5 $18 Bd7 21. Bh5 $1 {[%mdl 512]}) 20... Bd7 21. Qe2 (21. Bf3 $16) 21... Bf5 $36 {[%mdl 2048] Black has the initiative.} 22. Rb4 Qd6 23. Ba4 Red8 24. Bd1 N8d7 25. a4 Re8 26. Bc2 Bxc2 27. Qxc2 Ne4 28. Ra1 Ndf6 ({Black should play} 28... f6 $17 29. Ng4 Nb8) 29. a5 Ra8 30. Bxf6 Qxf6 31. Rb5 (31. Rxc4 $11 {keeps the balance.} dxc4 32. Qxe4) 31... Qd6 (31... Qe6 $17 32. axb6 axb6) 32. Rab1 Rab8 33. Qb2 {[%cal Ra5b6]} g6 ({Better is} 33... f6 $17 34. Ng6 Kh7) 34. Ng4 Kg7 35. Ne5 {[%cal Ra5b6]} h5 36. Nf3 (36. axb6 $15 Rxb6 37. Rxb6 axb6 38. Ra1) 36... Rec8 ({Black should try} 36... Qe6 $17 37. Re1 Nd6) 37. Ne5 (37. Ng5 $11) 37... Re8 (37... Rc7 $17) 38. Kh2 (38. Nf3 $11) 38... Rec8 (38... Re7 $17) 39. axb6 (39. Kg1 $1 $11) 39... axb6 (39... Rxb6 {seems wilder.} 40. Rxb6 axb6 41. Ra1 f6 42. Nf3 Qc7) 40. Rxb6 Rxb6 41. Qxb6 Qxb6 42. Rxb6 {[#]} Nxc3 {[%mdl 4096] Endgame KRN-KRN} (42... Rc7 $1 $17 43. Rc6 Ra7) 43. Rb7 Rf8 44. Nd7 Rd8 45. Ne5 Rf8 46. Rd7 Kf6 47. Rc7 {And now Nd7+ would win.} Kg7 48. Rb7 Kf6 $2 {[%mdl 8192]} (48... h4 $11) 49. Nd7+ $18 {[%mdl 64] Double Attack} Kg7 50. Nxf8 {Accuracy: White = 27%, Black = 19%.} 1-0

[Event "RUS-ch Women Blitz 2019"]
[Site "Sochi"]
[Date "2019.10.17"]
[Round "1.10"]
[White "Mironenko, Galina"]
[Black "Lysenko, Margarita"]
[Result "0-1"]
[WhiteElo "2236"]
[BlackElo "2243"]
[Annotator "TA"]
[PlyCount "148"]
[EventDate "2019.10.17"]
[EventType "swiss"]
[EventCountry "RUS"]
[SourceTitle "playchess.com"]
[Source "ChessBase"]
[SourceQuality "1"]

{[%evp 17,148,8,22,0,0,0,0,0,0,0,5,0,11,20,17,-3,-14,-36,-31,-30,-29,-31,-30,-33,-27,-28,0,0,0,-47,0,-50,0,0,0,0,54,0,0,0,0,0,0,-4,32,0,50,34,41,33,47,35,98,90,88,0,0,-16,0,0,0,0,0,-99,-99,-231,-220,-268,-202,-363,-365,-406,-359,-395,-398,-576,-575,-406,-320,-366,-355,-349,-334,-469,-432,-1237,-1212,-1219,-1207,-1141,-1036,-983,-976,-29964,-29965,-29964,-12846,-29965,-29966,-29965,-29965,-29977,-29961,-29960,-29955,-29970,-29967,-29971,-29965,-29973,-29973,-29972,-29976,-29977,-29974,-29972,-5326,-29983,-29982,-29982,-29983,-29983,-29984,-29984,-29985,-29985,-29986,-29986,-29987,-29987,-29988,-29989,-29990]} 1. e4 c5 2. Nf3 d6 3. d4 cxd4 4. Nxd4 Nf6 5. Nc3 a6 6. g3 e5 7. Nb3 Be7 8. Bg2 O-O 9. O-O b5 10. a4 {B91: Sicilian Najdorf: 6 g3} b4 11. Nd5 Nxd5 12. Qxd5 {The position is equal.} Ra7 13. Be3 Be6 14. Qd3 Ra8 15. f4 {[#]} Qc8 $146 ({Predecessor:} 15... Qc7 16. Nd2 a5 17. Rf2 f6 {0-1 (39) Hou,Y (2652)-Grischuk,A (2750) Moscow 2017}) 16. Qd2 a5 17. f5 Bc4 $1 18. Rf2 Nd7 19. g4 h6 20. g5 hxg5 21. Bxg5 Qd8 22. Bxe7 Qxe7 23. Rd1 Ra6 24. Rf3 Qh4 25. Rh3 Qg4 26. Rg3 Qe2 ({Better is} 26... Qf4 $11) 27. Qxe2 (27. Qc1 $14 Qh5 28. Nxa5 $1 {[%mdl 512]}) 27... Bxe2 $11 28. Rd2 Bc4 29. Bf3 Nf6 30. Rdg2 $36 {[%mdl 2048] White is pushing.} Ne8 31. h4 f6 32. Bh5 {Threatens to win with Bxe8.} Bf7 33. Bg6 Bxg6 34. Rxg6 ({Much weaker is} 34. fxg6 f5 $15) 34... Rc6 (34... Kf7 $14) 35. Nxa5 $16 Ra6 36. Nb3 (36. Nc4 $16) 36... Rxa4 $11 37. h5 Kh7 38. Nd2 Ra1+ 39. Kh2 Rf7 40. Nb3 (40. Nc4 $11 {remains equal.}) 40... Re1 $17 41. R6g4 (41. Nd2 $17 {was forced.}) 41... Rc7 $1 $19 42. Kh3 Rc4 43. R4g3 $2 (43. Na5 Rcxe4 44. Rxe4 Rxe4 45. Nc6) 43... Rcxe4 ({Don't do} 43... Rexe4 44. Rd2 $19) 44. Rh2 R4e3 45. Rhg2 Rh1+ 46. Rh2 (46. Kg4 $142 Re4+ 47. Kf3 Rf4+ 48. Ke2) 46... Rxg3+ 47. Kxg3 {[%mdl 4096] Endgame KRN-KRN} Rf1 48. Rf2 Rd1 49. Na5 d5 50. Nc6 (50. Nb7 {was called for.}) 50... Nd6 {aiming for ...Ne4+.} 51. Nxb4 (51. Kf3 $142 b3 52. cxb3) 51... Ne4+ {[%mdl 64] Double Attack} 52. Kf3 Nxf2 53. Kxf2 {KR-KN} d4 54. Ke2 Rb1 55. Nd3 e4 56. Nc5 {[#]} Rxb2 (56... d3+ $142 $1 57. Kd2 (57. cxd3 Rxb2+) 57... Rxb2 58. Nxe4 dxc2 59. Ng3 Kh6 60. Ne4 Rb4 61. Nf2 Rc4 62. Nd3 Kxh5 63. Nc1 g5 64. fxg6 Kxg6 65. Ne2 c1=R 66. Ke3 {[#]} f5 $1 {[%mdl 512]} 67. Kd3 R1c2 68. Nf4+ Rxf4 69. Kxc2 Re4 70. Kd3 Re8 71. Kc4 f4 72. Kd4 f3 73. Kd3 f2 74. Kc3 f1=Q 75. Kd4 Qc1 76. Kd5 Qc3 77. Kd6 Rd8+ 78. Ke7 Qf6#) 57. Nxe4 Rxc2+ 58. Kd3 Rh2 59. Kxd4 Rxh5 60. Nd6 Rh4+ 61. Kd5 Kh6 62. Ke6 Rg4 63. Ke7 Rd4 64. Nf7+ Kh7 65. Ke6 Re4+ 66. Kd5 Re1 (66... Re7 $142 67. Nd6 Rd7 68. Ke6 Rxd6+ 69. Kxd6 Kh6 70. Ke7 Kg5 71. Ke6 Kf4 72. Kd5 Kxf5 73. Kd4 Kf4 74. Kd3 g5 75. Ke2 g4 76. Kf1 g3 77. Ke2 f5 78. Kd3 g2 79. Kd4 g1=Q+ 80. Kd5 Qb6 81. Kc4 Ke4 82. Kc3 f4 83. Kc2 f3 84. Kc3 f2 85. Kc4 f1=Q+ 86. Kc3 Qd3#) 67. Kd6 Kg8 {Black mates.} 68. Nd8 Rd1+ 69. Ke7 {[#]} Rxd8 $1 70. Kxd8 {[#]} g5 $1 {[%mdl 512]} 71. fxg6 f5 72. Ke7 f4 73. Kf6 f3 74. g7 f2 {Accuracy: White = 31%, Black = 72%.} 0-1

[Event "RUS-ch Women Blitz 2019"]
[Site "Sochi"]
[Date "2019.10.20"]
[Round "1.11"]
[White "Guseva, Marina"]
[Black "Yakimova, Mariya"]
[Result "1-0"]
[WhiteElo "2366"]
[BlackElo "2276"]
[Annotator "NA"]
[PlyCount "157"]
[EventDate "2019.10.17"]
[EventType "swiss"]
[EventCountry "RUS"]
[SourceTitle "playchess.com"]
[Source "ChessBase"]
[SourceQuality "1"]
[TimeControl "180+2"]

1. d4 {[%emt 0:00:00]} f5 {[%emt 0:00:00]} 2. c4 {[%emt 0:00:01]} Nf6 {[%emt 0:00:00]} 3. g3 {[%emt 0:00:01]} e6 {[%emt 0:00:00]} 4. Bg2 {[%emt 0:00:02]} d5 {[%emt 0:00:01]} 5. Nh3 {[%emt 0:00:03]} c6 {[%emt 0:00:01]} 6. Qc2 {[%emt 0:00:04]} Bd6 {[%emt 0:00:02]} 7. O-O {[%emt 0:00:02]} O-O {[%emt 0:00:01]} 8. Bf4 {[%emt 0:00:02]} Be7 {[%emt 0:00:01]} 9. Nd2 {[%emt 0:00:08]} h6 {[%emt 0:00:03]} 10. Bxb8 {[%emt 0:00:01]} Rxb8 {[%emt 0:00:01]} 11. Nf4 {[%emt 0:00:04]} Ne4 {[%emt 0:00:13]} 12. Nf3 {[%emt 0:00:08]} Bf6 {[%emt 0:00:08]} 13. Ng6 {[%emt 0:00:16]} Re8 {[%emt 0:00:07]} 14. Nge5 {[%emt 0:00:04]} g5 {[%emt 0:00:08]} 15. Rad1 {[%emt 0:00:42]} Bd7 {[%emt 0:00:06]} 16. e3 {[%emt 0:00:08]} Rf8 {[%emt 0:00:08]} 17. Nd3 {[%emt 0:00:05]} Be8 {[%emt 0:00:08]} 18. Nfe5 {[%emt 0:00:02]} Nd6 {[%emt 0:00:13]} 19. c5 {[%emt 0:00:09]} Nf7 {[%emt 0:00:01]} 20. f3 {[%emt 0:00:04]} Qc7 {[%emt 0:00:14]} 21. Ng6 {[%emt 0:00:02]} e5 {[%emt 0:00:14]} 22. Nxf8 {[%emt 0:00:07]} Kxf8 {[%emt 0:00:03]} 23. e4 {[%emt 0:00:02]} exd4 {[%emt 0:00:08]} 24. exf5 {[%emt 0:00:14]} Bd7 {[%emt 0:00:01]} 25. Bh3 {[%emt 0:00:11]} Re8 {[%emt 0:00:21]} 26. f4 {[%emt 0:00:01]} Re3 {[%emt 0:00:17]} 27. fxg5 {[%emt 0:00:04]} Nxg5 {[%emt 0:00:02]} 28. Bg2 {[%emt 0:00:02]} Ne4 {[%emt 0:00:08]} 29. Nf4 {[%emt 0:00:02]} Kf7 {[%emt 0:00:09]} 30. Ne6 {[%emt 0:00:13]} Qe5 {[%emt 0:00:06]} 31. Nxd4 {[%emt 0:00:05]} Be7 {[%emt 0:00:27]} 32. b4 {[%emt 0:00:02]} Ng5 {[%emt 0:00:12]} 33. Qf2 {[%emt 0:00:09]} Bf6 {[%emt 0:00:08]} 34. Rfe1 {[%emt 0:00:03]} Rxe1+ {[%emt 0:00:03]} 35. Rxe1 {[%emt 0:00:08]} Qxd4 {[%emt 0:00:01]} 36. Kf1 {[%emt 0:00:00]} Qxf2+ {[%emt 0:00:03]} 37. Kxf2 {[%emt 0:00:01]} Bxf5 {[%emt 0:00:01]} 38. Ke3 {[%emt 0:00:17]} Bc3 {[%emt 0:00:03]} 39. Rf1 {[%emt 0:00:01]} Kg6 {[%emt 0:00:05]} 40. a3 {[%emt 0:00:01]} Bb2 {[%emt 0:00:01]} 41. h4 {[%emt 0:00:03]} Ne6 {[%emt 0:00:02]} 42. h5+ {[%emt 0:00:02]} Kg5 {[%emt 0:00:02]} 43. b5 {[%emt 0:00:03]} Bd4+ {[%emt 0:00:02]} 44. Kd2 {[%emt 0:00:01]} Nxc5 {[%emt 0:00:06]} 45. bxc6 {[%emt 0:00:02]} bxc6 {[%emt 0:00:01]} 46. Bf3 {[%emt 0:00:02]} Nb3+ {[%emt 0:00:02]} 47. Kd1 {[%emt 0:00:02]} Bd3 {[%emt 0:00:02]} 48. Be2 {[%emt 0:00:02]} Bf5 {[%emt 0:00:04]} 49. Rf4 {[%emt 0:00:05]} Be5 {[%emt 0:00:05]} 50. Rb4 {[%emt 0:00:01]} Nd4 {[%emt 0:00:02]} 51. g4 {[%emt 0:00:02]} Kf4 {[%emt 0:00:01]} 52. Ra4 {[%emt 0:00:01]} Ke3 {[%emt 0:00:01]} 53. gxf5 {[%emt 0:00:02]} Nxf5 {[%emt 0:00:02]} 54. Bg4 {[%emt 0:00:04]} Ng3 {[%emt 0:00:02]} 55. Rxa7 {[%emt 0:00:01]} d4 {[%emt 0:00:01]} 56. Re7 {[%emt 0:00:03]} Kf4 {[%emt 0:00:01]} 57. Be2 {[%emt 0:00:03]} c5 {[%emt 0:00:02]} 58. a4 {[%emt 0:00:02]} Ne4 {[%emt 0:00:04]} 59. Bd3 {[%emt 0:00:05]} Nc3+ {[%emt 0:00:01]} 60. Kc2 {[%emt 0:00:01]} Nd5 {[%emt 0:00:01]} 61. Rf7+ {[%emt 0:00:02]} Ke3 {[%emt 0:00:01]} 62. Bc4 {[%emt 0:00:03]} Nb4+ {[%emt 0:00:01]} 63. Kb3 {[%emt 0:00:01]} d3 {[%emt 0:00:02]} 64. Rd7 {[%emt 0:00:02]} d2 {[%emt 0:00:01]} 65. Be6 {[%emt 0:00:03]} Bd4 {[%emt 0:00:07]} 66. Bg4 {[%emt 0:00:02]} Kf2 {[%emt 0:00:03]} 67. a5 {[%emt 0:00:01]} Ke1 {[%emt 0:00:02]} 68. Rxd4 {[%emt 0:00:03]} cxd4 {[%emt 0:00:02]} 69. Kxb4 {[%emt 0:00:01]} d3 {[%emt 0:00:03]} 70. a6 {[%emt 0:00:01]} d1=Q {[%emt 0:00:02]} 71. Bxd1 {[%emt 0:00:01]} Kxd1 {[%emt 0:00:01]} 72. a7 {[%emt 0:00:01]} d2 {[%emt 0:00:00]} 73. a8=Q {[%emt 0:00:02]} Ke1 {[%emt 0:00:01]} 74. Qh1+ {[%emt 0:00:02]} Ke2 {[%emt 0:00:01]} 75. Qg2+ {[%emt 0:00:01]} Ke1 {[%emt 0:00:01]} 76. Qe4+ {[%emt 0:00:02]} Kf1 {[%emt 0:00:01]} 77. Qf3+ {[%emt 0:00:01]} Ke1 {[%emt 0:00:01]} 78. Qe3+ Kd1 79. Qxh6 {[%emt 0:00:09]} 1-0

[Event "RUS-ch Women Blitz 2019"]
[Site "Sochi"]
[Date "2019.10.17"]
[Round "1.11"]
[White "Chernyak, Viktoria"]
[Black "Pavlova, Natalia"]
[Result "1-0"]
[WhiteElo "2284"]
[BlackElo "1947"]
[Annotator "NA"]
[PlyCount "67"]
[EventDate "2019.10.17"]
[EventType "swiss"]
[EventCountry "RUS"]
[SourceTitle "playchess.com"]
[Source "ChessBase"]
[SourceQuality "1"]
[TimeControl "180+2"]

1. Nf3 {[%emt 0:00:00]} c5 {[%emt 0:00:00]} 2. c4 {[%emt 0:00:01]} Nc6 {[%emt 0:00:00]} 3. Nc3 {[%emt 0:00:01]} g6 {[%emt 0:00:01]} 4. e3 {[%emt 0:00:02]} Bg7 {[%emt 0:00:02]} 5. d4 {[%emt 0:00:01]} d6 {[%emt 0:00:09]} 6. d5 {[%emt 0:00:03]} Ne5 {[%emt 0:00:05]} 7. Nxe5 {[%emt 0:00:04]} Bxe5 {[%emt 0:00:02]} 8. Bd3 {[%emt 0:00:05]} Bg7 {[%emt 0:00:13]} 9. O-O {[%emt 0:00:02]} Nf6 {[%emt 0:00:01]} 10. e4 {[%emt 0:00:09]} O-O {[%emt 0:00:02]} 11. h3 {[%emt 0:00:11]} e5 {[%emt 0:00:03]} 12. dxe6 {[%emt 0:00:05]} Bxe6 {[%emt 0:00:02]} 13. Bf4 {[%emt 0:00:10]} Nd7 {[%emt 0:00:27]} 14. Rc1 {[%emt 0:00:08]} Ne5 {[%emt 0:00:04]} 15. b3 {[%emt 0:00:08]} Nc6 {[%emt 0:00:17]} 16. Nb5 {[%emt 0:00:20]} Nd4 {[%emt 0:00:06]} 17. Nxd6 {[%emt 0:00:18]} Qd7 {[%emt 0:00:17]} 18. e5 {[%emt 0:00:15]} h6 {[%emt 0:00:14]} 19. Ne4 {[%emt 0:00:17]} Kh8 {[%emt 0:00:29]} 20. Nxc5 {[%emt 0:00:04]} Qc6 {[%emt 0:00:06]} 21. Nxe6 {[%emt 0:00:20]} Nxe6 {[%emt 0:00:02]} 22. Bg3 {[%emt 0:00:07]} Rad8 {[%emt 0:00:04]} 23. Qe2 {[%emt 0:00:05]} Nc5 {[%emt 0:00:03]} 24. Bb1 {[%emt 0:00:03]} Rfe8 {[%emt 0:00:03]} 25. Kh2 {[%emt 0:00:16]} Nd7 {[%emt 0:00:01]} 26. f4 {[%emt 0:00:01]} Nc5 {[%emt 0:00:05]} 27. Rfd1 {[%emt 0:00:11]} Ne6 {[%emt 0:00:08]} 28. Rxd8 {[%emt 0:00:03]} Rxd8 {[%emt 0:00:00]} 29. Rd1 {[%emt 0:00:02]} Nd4 {[%emt 0:00:02]} 30. Qe1 {[%emt 0:00:11]} g5 {[%emt 0:00:19]} 31. fxg5 {[%emt 0:00:02]} hxg5 {[%emt 0:00:01]} 32. Be4 {[%emt 0:00:01]} Qe6 {[%emt 0:00:03]} 33. Bxb7 {[%emt 0:00:05]} Nf5 {[%emt 0:00:01]} 34. Rxd8+ {[%emt 0:00:01]} 1-0